000 00573nam a2200217Ia 4500
003 OSt
005 20220923230913.0
006 a|||||r|||| 00| 0
007 ta
008 Pun
024 _a306,324
037 _cTextual
040 _aARTS
_cARTS
_bPun
041 _2Pun
_aPun
082 _aO153,6NBHx, L9
100 _aਭਾਟੀਆ, ਸੁਰਜੀਤ ਸਿੰਘ
245 0 _aਪੰਜ ਕੂਲ੍ਹਾਂ
260 _c1979
942 _hO153,6NBHx, L9
_cTEXL
_2CC
999 _c388110
_d388110